00905nam a2200205 i 4500001000300000245019900003260007000202490003600272500003200308650004700340700002400387710003500411710003600446830003600482040000800518041001100526080002300537008004100560856009800601bg00aRocznik Statystyczny Gospodarki Morskiej 2004 =bStatistical yearbook of martime economy /c[zespół pod kier. Anny Pazdan] ; Główny Urząd Statystyczny, Urząd Statystyczny w Szczecinie. aWarszawa ;aSzczecin :bZakład Wydawnictw Statystycznych,c2004.1 aRoczniki Branżowe,x0079-2667 aTekst. równol. pol., ang. 9aGospodarka morskazPolskaystan na 2004 r.1 aPAZDAN, Anna.eRed.0 aGłówny Urząd Statystyczny0 aUrząd Statystyczny (Szczecin) aRoczniki Branżowe,x0079-2667 cBPKw apoleng a338.4(438)(083.41) s pl f |000 0 pol  uhttp://koha.tu.koszalin.pl/cgi-bin/koha/opac-detail.pl?biblionumber=35460yKatalog online BPK